01286nam a22002417a 45000010005000000030006000050050017000110080041000280400029000690500008000980820011001061000045001172450091001622600139002533000048003925050008004405200342004485200133007905210029009235210020009526500045009726500027010178662FISKH20260323121227.0251009b cb ||||| |||| 00| 0 eng d aFISKHbkhrcFISKHdFISKH aPZ7 a808.83 aMinistry of Education, Youth and Sports  aសំឡេងនៅយប់មួយ /cBy Ministry of Education , Youth and Sports aPhnom Penh : bកិច្ចសហប្រតិបត្តិការអភិវឌ្ឍន៍ប៊ែលហ្ស៊ិក , a8 pages : bcolor illustrations ;c25 cm .  aD  aមួយយប់ មានភ្លៀងខ្លាំងចែមបានឮសំឡេងចម្លែក។ គាត់សម្រេចចិត្តទៅស្ទូចមើលនៅជុំវិញផ្ទះរបស់គាត់ ហើយអ្នកដឹងទេថាគាត់រកឃើញអ្វី? aOne night, there was a heavy rain, Jem heard the strange noise. He decided to look around his house and guess what he found out?8 a160 bLexile estimate 8 aD bRaz-Plus  a សំឡេងនៅយប់មួយ aStrange noise at night